书目信息 |
| 题名: |
工程技术常用数学
|
|
| 作者: | 梅里特 著 ;陈三平 , 丁仁 译 | |
| 分册: | ||
| 出版信息: | 北京 科学出版社 1976 |
|
| 页数: | 296页 | |
| 开本: | 20cm | |
| 丛书名: | ||
| 单 册: | ||
| 中图分类: | O29:TB11 | |
| 科图分类: | ||
| 主题词: | 应用数学 , 数学--应用 | |
| 电子资源: | ||
| ISBN: | ||
| 000 | 00720nam0 2200253 45 | |
| 001 | 0176001037 | |
| 005 | 20060820092828.42 | |
| 010 | @dCNY0.92 | |
| 100 | @a19951010d1976 em y0chiy0121 ea | |
| 101 | 1 | @achi |
| 102 | @aCN@b110000 | |
| 105 | @ay z 000yy | |
| 200 | 10 | @a工程技术常用数学@Agong cheng ji shu chang yong shu xue@fF.S.梅里特著@FF.S.mei li te zhu@g丁仁, 陈三平译 |
| 210 | @a北京@c科学出版社@d1976 | |
| 215 | @a296页@d20cm | |
| 606 | @a应用数学 | |
| 606 | 0 | @a数学@x应用 |
| 690 | @aO29:TB11@v4 | |
| 701 | 0 | @a梅里特@Amei li te@4著 |
| 702 | 0 | @a陈三平@Achen san ping@4译 |
| 702 | 0 | @a丁仁@Ading ren@4译 |
| 801 | 2 | @aCN@bNLC@c20060820 |
| 801 | 0 | @aCN@bTSSF@c20060815 |
| 905 | @a10447@dO29:TB11@e40 | |
| 工程技术常用数学/F.S.梅里特著/丁仁, 陈三平译.-北京:科学出版社,1976 |
| 296页;20cm |
| ISBN :CNY0.92 |
| ● |
| 相关链接 |
|
|
|
|
正题名:工程技术常用数学
索取号:O29:TB11/40
 
预约/预借
| 序号 | 登录号 | 条形码 | 馆藏地/架位号 | 状态 | 备注 |
| 1 | 0005843 | 001447018 | 密集书库/ [索取号:O29:TB11/40] | 在馆 | |
| 2 | 0005844 | 001447054 | 密集书库/ [索取号:O29:TB11/40] | 在馆 | |
| 3 | 0055269 | 001446974 | 密集书库/ [索取号:O29:TB11/40] | 在馆 | |
| 4 | 0055270 | 001446938 | 密集书库/ [索取号:O29:TB11/40] | 在馆 | |
| 5 | 0055271 | 001446894 | 密集书库/ [索取号:O29:TB11/40] | 在馆 | |
| 6 | 0458274 | 204582745 | 密集书库/ [索取号:O29:TB11/40] | 在馆 | |
| 7 | 0470291 | 204702919 | 密集书库/ [索取号:O29:TB11/40] | 在馆 |